000 00642cab a2200205 4500
001 ABS44338
008 090401t1991 xxu||||| |||| 00| 0 eng d
035 _a(Sirsi) u46656
041 _aeng
100 _aTurner, R.
245 _aFarm balance sheet asset rich, cash hungary
260 _c1991
350 _a0
490 _aFarmland Market
_v(35) March 1991, 8-10 (3)
520 _aLooks at the outlook for the UK farming market based on figures given in the MAFF "1990 Farming Yearbook" including fixed assets , land values and overheads .
650 _aECONOMICS
690 _aRURAL PRACTICE
942 _n0
948 _c04/03/1997
999 _c29503
_d29503